<?xml version="1.0" encoding="UTF-8"?>
<record
    xmlns:xsi="http://www.w3.org/2001/XMLSchema-instance"
    xsi:schemaLocation="http://www.loc.gov/MARC21/slim http://www.loc.gov/standards/marcxml/schema/MARC21slim.xsd"
    xmlns="http://www.loc.gov/MARC21/slim">

  <leader>01111nam0a22002531  4500</leader>
  <controlfield tag="001">rc\516407</controlfield>
  <controlfield tag="005">20260407021035.0</controlfield>
  <datafield tag="035" ind1=" " ind2=" ">
    <subfield code="a">(NLR Aleph) 005755937</subfield>
  </datafield>
  <datafield tag="090" ind1=" " ind2=" ">
    <subfield code="a">4888768</subfield>
    <subfield code="c">4888768</subfield>
  </datafield>
  <datafield tag="100" ind1=" " ind2=" ">
    <subfield code="a">20030616d1988    |||y0rusy50      ca</subfield>
  </datafield>
  <datafield tag="101" ind1="0" ind2=" ">
    <subfield code="a">rus</subfield>
  </datafield>
  <datafield tag="102" ind1=" " ind2=" ">
    <subfield code="a">RU</subfield>
  </datafield>
  <datafield tag="105" ind1=" " ind2=" ">
    <subfield code="a">y   |||||||||</subfield>
  </datafield>
  <datafield tag="200" ind1="1" ind2=" ">
    <subfield code="a">&#x41E;&#x420;&#x413;&#x410;&#x41D;&#x418;&#x417;&#x410;&#x426;&#x418;&#x41E;&#x41D;&#x41D;&#x41E;-&#x41C;&#x415;&#x422;&#x41E;&#x414;&#x418;&#x427;&#x415;&#x421;&#x41A;&#x41E;&#x415; &#x43F;&#x43E;&#x441;&#x43E;&#x431;&#x438;&#x435; &#x440;&#x443;&#x43A;&#x43E;&#x432;&#x43E;&#x434;&#x438;&#x442;&#x435;&#x43B;&#x44E; &#x445;&#x43E;&#x437;&#x440;&#x430;&#x441;&#x447;&#x435;&#x442;&#x43D;&#x43E;&#x439; &#x438; &#x43F;&#x43E;&#x434;&#x440;&#x44F;&#x434;&#x43D;&#x43E;&#x439; &#x431;&#x440;&#x438;&#x433;&#x430;&#x434;&#x44B;</subfield>
    <subfield code="f">&#x41C;-&#x432;&#x43E; &#x441;&#x442;&#x430;&#x43D;&#x43A;&#x43E;&#x441;&#x442;&#x440;&#x43E;&#x438;&#x442;. &#x438; &#x438;&#x43D;&#x441;&#x442;&#x440;&#x443;&#x43C;. &#x43F;&#x440;&#x43E;&#x43C;-&#x441;&#x442;&#x438; &#x421;&#x421;&#x421;&#x420;, &#x41C;&#x438;&#x43D;. &#x444;&#x438;&#x43B;. &#x413;&#x43E;&#x441;. &#x43F;&#x440;&#x43E;&#x435;&#x43A;&#x442;.-&#x442;&#x435;&#x445;&#x43D;&#x43E;&#x43B;. &#x438; &#x44D;&#x43A;&#x441;&#x43F;&#x435;&#x440;&#x438;&#x43C;. &#x438;&#x43D;-&#x442;&#x430; "&#x41E;&#x440;&#x433;&#x441;&#x442;&#x430;&#x43D;&#x43A;&#x438;&#x43D;&#x43F;&#x440;&#x43E;&#x43C;"</subfield>
    <subfield code="g">[&#x418;&#x441;&#x43F;&#x43E;&#x43B;&#x43D;. &#x417;.&#x424;. &#x411;&#x443;&#x437;&#x443;&#x43D;&#x43E;&#x432;&#x441;&#x43A;&#x438;&#x439; &#x438; &#x434;&#x440;.]</subfield>
  </datafield>
  <datafield tag="210" ind1=" " ind2=" ">
    <subfield code="a">&#x41C;.</subfield>
    <subfield code="c">&#x412;&#x41D;&#x418;&#x418;&#x422;&#x42D;&#x41C;&#x420;</subfield>
    <subfield code="d">1988</subfield>
  </datafield>
  <datafield tag="215" ind1=" " ind2=" ">
    <subfield code="a">19 &#x441;.</subfield>
    <subfield code="d">20</subfield>
  </datafield>
  <datafield tag="225" ind1="1" ind2=" ">
    <subfield code="a">&#x41D;&#x41E;&#x422;</subfield>
  </datafield>
  <datafield tag="702" ind1=" " ind2="1">
    <subfield code="a">&#x411;&#x443;&#x437;&#x443;&#x43D;&#x43E;&#x432;&#x441;&#x43A;&#x438;&#x439;</subfield>
    <subfield code="b">&#x417;.&#x424;.</subfield>
    <subfield code="4">570</subfield>
  </datafield>
  <datafield tag="712" ind1="0" ind2="2">
    <subfield code="a">"&#x41E;&#x440;&#x433;&#x441;&#x442;&#x430;&#x43D;&#x43A;&#x438;&#x43D;&#x43F;&#x440;&#x43E;&#x43C;", &#x43E;&#x431;-&#x43D;&#x438;&#x435;</subfield>
    <subfield code="c">&#x41C;&#x43E;&#x441;&#x43A;&#x432;&#x430;</subfield>
    <subfield code="b">&#x41C;&#x438;&#x43D;&#x441;&#x43A;&#x438;&#x439; &#x444;&#x438;&#x43B;&#x438;&#x430;&#x43B;</subfield>
    <subfield code="3">RU\NLR\AUTH\8810005936</subfield>
    <subfield code="9">509319</subfield>
  </datafield>
  <datafield tag="801" ind1=" " ind2="0">
    <subfield code="a">RU</subfield>
    <subfield code="b">NLR</subfield>
    <subfield code="g">psbo</subfield>
  </datafield>
  <datafield tag="801" ind1=" " ind2="1">
    <subfield code="a">RU</subfield>
    <subfield code="b">ELAR</subfield>
    <subfield code="2">rusmarc</subfield>
  </datafield>
  <datafield tag="852" ind1=" " ind2=" ">
    <subfield code="a">NLR</subfield>
    <subfield code="j">88-6/7234</subfield>
  </datafield>
  <datafield tag="942" ind1=" " ind2=" ">
    <subfield code="c">BOOK</subfield>
  </datafield>
  <datafield tag="980" ind1=" " ind2=" ">
    <subfield code="a">NB</subfield>
  </datafield>
  <datafield tag="995" ind1=" " ind2=" ">
    <subfield code="5">2013-10-26</subfield>
    <subfield code="b">NLR01</subfield>
    <subfield code="c">NLR01</subfield>
    <subfield code="e">RF9</subfield>
    <subfield code="f">5755937-10</subfield>
    <subfield code="k">88-6/7234</subfield>
    <subfield code="o">0</subfield>
    <subfield code="r">BOOK</subfield>
    <subfield code="s">8867234_</subfield>
  </datafield>
</record>
